000 00431 a2200181 4500
001 106913
020 _a9789461956637
041 _apor
090 _aNursery [E]
250 _a. ed.
697 _aLiteratura infantil.
700 _aAnimais da fazenda.
856 _u000011/00001175.jpg
040 _aBR-BrIDEA
_cBR-BrIDEA
245 1 0 _aAnimais da fazenda
_cAnimais da fazenda
260 _a[S.l.]
_bYoyo
_c2013
942 _cBK
999 _c106913
_d106913